[Event "Titled Tue 3rd Jun Early"]
[Site "chess.com INT"]
[Date "2025.06.03"]
[Round "11"]
[White "Golsta, Madara"]
[Black "Lloret Ramis, Juan Jose"]
[Result "0-1"]
[BlackTitle "FM"]
[WhiteElo "1999"]
[BlackElo "2019"]
[WhiteFideId "11607386"]
[BlackFideId "2204053"]
[EventDate "2025.06.03"]

1. e4 c5 2. Nf3 e6 3. d4 cxd4 4. Nxd4 Nf6 5. Nc3 Bb4 6. Bd3 e5 7. Nb5 a6 8. Na3
b5 9. O-O d6 10. Nd5 Nxd5 11. exd5 O-O 12. c3 Bc5 13. b4 Bb6 14. Nc2 f5 15. Ne3
e4 16. Bc2 f4 17. Bxe4 fxe3 18. fxe3 Rxf1+ 19. Qxf1 Qf6 20. Qd3 g6 21. Bd2 Nd7
22. Rf1 Qg7 23. a4 Ne5 24. Qc2 Bd7 25. a5 Ba7 26. Qd1 Rf8 27. h3 Rxf1+ 28. Qxf1
Qf7 29. Qe2 Bf5 30. Bf3 Bd3 31. Qf2 Qf5 32. Be2 Qxf2+ 33. Kxf2 Bxe2 34. Kxe2 Kf7
35. e4 Kf6 36. Bf4 g5 37. Bg3 h5 38. Be1 h4 39. Bd2 Nc4 40. Bc1 Bg1 41. Kd3 Bh2
42. Be3 Bf4 43. Bd4+ Be5 44. Be3 Nxe3 0-1

[Event "Titled Tue 3rd Jun Early"]
[Site "chess.com INT"]
[Date "2025.06.03"]
[Round "11"]
[White "Zhakshylykov, Erzhan"]
[Black "Gabrielian, Artur"]
[Result "1-0"]
[WhiteTitle "IM"]
[BlackTitle "GM"]
[WhiteElo "2362"]
[BlackElo "2419"]
[WhiteFideId "13804111"]
[BlackFideId "4131002"]
[EventDate "2025.06.03"]

1. e4 c5 2. c3 d5 3. exd5 Nf6 4. d4 Nxd5 5. dxc5 e6 6. Nf3 Bxc5 7. Bd3 Nc6 8.
O-O O-O 9. Qe2 h6 10. Bc2 Qc7 11. Nbd2 Nf4 12. Qe1 b6 13. Ne4 Ba6 14. Nxc5 Bxf1
15. Qe4 f5 16. Qxf4 e5 17. Qg3 bxc5 18. Kxf1 Rf6 19. Bd2 Rd8 20. Re1 c4 21. Bc1
f4 22. Qg4 Qd6 23. Be4 Ne7 24. Nxe5 Rdf8 25. Nd7 Re6 26. Qxe6+ Qxe6 27. Bh7+
Kxh7 28. Rxe6 1-0

[Event "Titled Tue 3rd Jun Early"]
[Site "chess.com INT"]
[Date "2025.06.03"]
[Round "11"]
[White "Skytte, Robert"]
[Black "Ishvi, Aggarwal"]
[Result "0-1"]
[WhiteTitle "CM"]
[BlackTitle "WCM"]
[WhiteElo "2007"]
[BlackElo "1954"]
[WhiteFideId "1471775"]
[BlackFideId "25728890"]
[EventDate "2025.06.03"]

1. e4 e5 2. Nf3 Nc6 3. Bc4 Bc5 4. d4 Bxd4 5. Nxd4 Nxd4 6. Be3 Nc6 7. Qg4 d5 8.
Qxg7 Qf6 9. Qxf6 Nxf6 10. Bxd5 Nxd5 11. exd5 Nb4 12. Na3 Nxd5 13. O-O-O Nxe3 14.
fxe3 Bg4 15. Rd5 f6 16. h3 Be6 17. Rd2 c6 18. Rf1 Ke7 19. g4 Rad8 20. Rdf2 Rhf8
21. e4 Rd4 22. Re2 Rfd8 23. c3 Rd3 24. Nc2 Rxh3 25. Ne3 Rd3 26. Nf5+ Kf7 27.
Rff2 Bxa2 28. Rh2 Bb3 0-1

[Event "Titled Tue 3rd Jun Early"]
[Site "chess.com INT"]
[Date "2025.06.03"]
[Round "11"]
[White "Garcia Alarcon, Alvaro COL"]
[Black "Grodotzki, Kenneth"]
[Result "1-0"]
[WhiteTitle "FM"]
[BlackTitle "CM"]
[WhiteElo "2105"]
[BlackElo "1984"]
[WhiteFideId "4400330"]
[BlackFideId "4648560"]
[EventDate "2025.06.03"]

1. d4 f5 2. c4 Nf6 3. Nc3 g6 4. g3 Bg7 5. Bg2 O-O 6. h4 d6 7. Nh3 c6 8. d5 e5 9.
Ng5 e4 10. f4 h6 11. Nh3 c5 12. e3 Bd7 13. Nf2 a6 14. a4 Be8 15. g4 Nbd7 16. g5
Nh5 17. Nh3 Rb8 18. Bd2 Nb6 19. b3 Na8 20. Kf2 b5 21. axb5 axb5 22. Rb1 b4 23.
Ne2 Nb6 24. gxh6 Bxh6 25. Ng5 Ra8 26. Qc2 Qe7 27. Ng3 Bd7 28. Nxh5 gxh5 29. Bf1
Ra3 30. Be2 Rfa8 31. Bxh5 Ra2 32. Rb2 Rxb2 33. Qxb2 Qg7 34. Qxg7+ Kxg7 35. Kg3
Ra2 36. Rh2 Nxc4 37. bxc4 b3 38. Bc3+ Kf8 39. Rxa2 bxa2 40. Nh7+ Ke7 41. Bd1 Bg7
42. Bxg7 1-0

[Event "Titled Tue 3rd Jun Early"]
[Site "chess.com INT"]
[Date "2025.06.03"]
[Round "11"]
[White "Mendonca, Leon Luke"]
[Black "Nepomniachtchi, Ian"]
[Result "0-1"]
[WhiteTitle "GM"]
[BlackTitle "GM"]
[WhiteElo "2630"]
[BlackElo "2757"]
[WhiteFideId "35028561"]
[BlackFideId "4168119"]
[EventDate "2025.06.03"]

1. c4 e5 2. d3 a6 3. Nf3 Nc6 4. a3 g6 5. b4 Bg7 6. Bb2 d6 7. Nc3 f5 8. e3 Nf6 9.
Be2 O-O 10. O-O h6 11. Nd2 g5 12. Nd5 Nxd5 13. cxd5 Ne7 14. e4 c6 15. dxc6 bxc6
16. Nc4 Qc7 17. Rc1 Be6 18. Na5 Qd7 19. Qa4 Kh7 20. Nc4 Rfb8 21. Rfd1 Ng6 22.
Na5 Rc8 23. Rxc6 d5 24. Qc2 Nf4 25. Bf1 fxe4 26. dxe4 d4 27. Bc1 Ng6 28. Bd2 Qf7
29. Rxc8 Rxc8 30. Qd3 Rf8 31. Be1 h5 32. Qxa6 h4 33. Rc1 h3 34. g3 Nh4 35. gxh4
gxh4 36. Qd3 Qg6+ 37. Kh1 Bg4 38. f4 Rxf4 39. Be2 Bf5 40. Bf3 Rxf3 41. Qxf3 Bxe4 0-1

[Event "Titled Tue 3rd Jun Early"]
[Site "chess.com INT"]
[Date "2025.06.03"]
[Round "11"]
[White "Gavarrete, Nahun"]
[Black "Moinzai, Khushal"]
[Result "0-1"]
[WhiteTitle "FM"]
[BlackTitle "FM"]
[WhiteElo "2281"]
[BlackElo "1894"]
[WhiteFideId "8400709"]
[BlackFideId "11701200"]
[EventDate "2025.06.03"]

1. e4 c5 2. Nc3 e6 3. d4 cxd4 4. Qxd4 Nc6 5. Qd1 Qc7 6. Nf3 Nf6 7. Be3 Ng4 8.
Qd2 Nxe3 9. fxe3 Be7 10. Nb5 Qb8 11. O-O-O O-O 12. Nd6 Bf6 13. c3 Ne5 14. Nxe5
Bxe5 15. Nc4 Bc7 16. h4 d5 17. exd5 exd5 18. Qxd5 Be6 19. Qf3 b5 20. Nd2 Qc8 21.
Be2 b4 22. c4 Be5 23. b3 a5 24. Qe4 Bf6 25. Bf3 Ra7 26. h5 a4 27. h6 g6 28. Qf4
Bh8 29. Ne4 Bf5 30. Nd6 Qe6 31. Bd5 Qf6 32. Qd4 Qxd4 33. exd4 Bg4 34. Rdf1 axb3
35. axb3 Bxd4 36. Kc2 Be5 37. Ne4 Ra2+ 38. Kd3 Bf5 39. g4 Bxg4 40. Nf6+ Bxf6 41.
Rf5 Bxf5+ 42. Be4 Rd8+ 43. Ke3 Re8 44. Kf3 Bxe4+ 45. Kg3 Bxh1 46. Kf4 Rb2 47.
Kg4 Rxb3 48. Kf4 Rc3 49. Kg4 Re4# 0-1

[Event "Titled Tue 3rd Jun Early"]
[Site "chess.com INT"]
[Date "2025.06.03"]
[Round "11"]
[White "Xiong, Jeffery"]
[Black "Shankland, Sam"]
[Result "1-0"]
[WhiteTitle "GM"]
[BlackTitle "GM"]
[WhiteElo "2636"]
[BlackElo "2666"]
[WhiteFideId "2047640"]
[BlackFideId "2004887"]
[EventDate "2025.06.03"]

1. c4 c6 2. d4 d5 3. Nf3 Nf6 4. cxd5 cxd5 5. Nc3 Nc6 6. Bf4 a6 7. Rc1 Bf5 8. e3
Rc8 9. Be2 Nh5 10. Be5 e6 11. O-O Be7 12. Qb3 Na5 13. Qa4+ Nc6 14. Nd2 Nf6 15.
Bxf6 Bxf6 16. Nb3 O-O 17. Nc5 Qe7 18. b4 Rfd8 19. Rfd1 h6 20. b5 axb5 21. Qxb5
Rc7 22. Qb6 Bxd4 23. exd4 Nxd4 24. Nb3 Nxe2+ 25. Nxe2 Bc2 26. Re1 Rc6 27. Qe3
Ra8 28. Nbd4 Ba4 29. Nxc6 bxc6 30. Nd4 Qd6 31. Qc3 Ra6 32. Qc5 Qf4 33. g3 Qf6
34. f4 h5 35. Re5 h4 36. Rb1 g6 37. Rb8+ Kh7 38. Qf8 hxg3 39. hxg3 Bd1 40. Nxe6 1-0

[Event "Titled Tue 3rd Jun Early"]
[Site "chess.com INT"]
[Date "2025.06.03"]
[Round "11"]
[White "El Zein, Zayne-Eddine"]
[Black "Levitan, Judah Nathan"]
[Result "1-0"]
[WhiteTitle "CM"]
[BlackTitle "CM"]
[WhiteElo "2146"]
[BlackElo "2127"]
[WhiteFideId "5313210"]
[BlackFideId "14332639"]
[EventDate "2025.06.03"]

1. e4 c5 2. Nf3 e6 3. d3 Nc6 4. g3 g6 5. Bg2 Bg7 6. O-O Nge7 7. c3 d5 8. Qe2 O-O
9. Rd1 b6 10. Na3 Bb7 11. Bg5 h6 12. Be3 d4 13. cxd4 cxd4 14. Bd2 e5 15. Rac1
Rc8 16. b4 a6 17. b5 axb5 18. Nxb5 Ba6 19. a4 Bxb5 20. axb5 Na5 21. Bxa5 bxa5
22. Rxc8 Qxc8 23. Qa2 Qc7 24. Rb1 Rb8 25. Qc4 Qd6 26. Nd2 Nc8 27. Bh3 Nb6 28.
Qc6 Bf8 29. Rc1 a4 30. Nc4 Nxc4 31. Rxc4 a3 32. Ra4 Rb6 33. Qe8 Qc5 34. Bd7 Qc3
35. Bc6 Qxd3 36. Ra8 Qb1+ 37. Kg2 Qb4 38. Qd8 Kg7 39. Qxb6 d3 40. Qd8 Bd6 41.
Qh8# 1-0

[Event "Titled Tue 3rd Jun Early"]
[Site "chess.com INT"]
[Date "2025.06.03"]
[Round "11"]
[White "Baules Rodriguez, Jorge Luis"]
[Black "Barwinska, Ewa"]
[Result "1-0"]
[WhiteTitle "IM"]
[BlackTitle "WFM"]
[WhiteElo "2257"]
[BlackElo "2014"]
[WhiteFideId "6600247"]
[BlackFideId "21833761"]
[EventDate "2025.06.03"]

1. d4 d5 2. c4 c6 3. Nf3 Nf6 4. Nc3 e6 5. e3 Nbd7 6. h3 Be7 7. g4 a6 8. g5 Ne4
9. Nxe4 dxe4 10. Nd2 Bxg5 11. Nxe4 Be7 12. Bd3 c5 13. Rg1 g6 14. Qc2 f5 15. Nc3
cxd4 16. exd4 Bf6 17. Be3 O-O 18. O-O-O b6 19. Kb1 Kh8 20. Ne2 e5 21. dxe5 Nxe5
22. Be4 Bd7 23. Bxa8 Qxa8 24. Bd4 Bc6 25. Qc3 Be4+ 26. Ka1 Re8 27. f4 Bf3 28.
Rge1 Qe4 29. fxe5 Bg7 30. Ng3 Qf4 31. e6 Bxd4 32. Rxd4 Qxg3 33. Rd7+ Kg8 34.
Qg7# 1-0

[Event "Titled Tue 3rd Jun Early"]
[Site "chess.com INT"]
[Date "2025.06.03"]
[Round "11"]
[White "FAWOLE, John Oyeyemi"]
[Black "Miranda Camus, Joaquin Ignacio"]
[Result "1-0"]
[WhiteTitle "FM"]
[BlackTitle "FM"]
[WhiteElo "1987"]
[BlackElo "2196"]
[WhiteFideId "8501319"]
[BlackFideId "3449300"]
[EventDate "2025.06.03"]

1. e4 d6 2. d4 Nd7 3. Nf3 e5 4. Be2 Ngf6 5. Nbd2 g6 6. c3 Bg7 7. O-O O-O 8. Re1
c6 9. Bf1 Qc7 10. h3 Re8 11. a4 a5 12. Qc2 d5 13. exd5 Nxd5 14. dxe5 Nxe5 15.
Nxe5 Bxe5 16. Nf3 Bh2+ 17. Kh1 Bf5 18. Bd3 Bxd3 19. Qxd3 Bd6 20. Bh6 Bf4 21.
Bxf4 Qxf4 22. Kg1 Rxe1+ 23. Rxe1 Qxa4 24. Nd4 c5 25. Nf5 Nf4 26. Ne7+ Kg7 27.
Qd6 Re8 28. Qe5+ f6 29. Nf5+ gxf5 30. Qxe8 Qxe8 31. Rxe8 Nd5 32. Rd8 Nb6 33. Rb8
Nc4 34. Rxb7+ Kg6 35. b3 Nd2 36. Rb5 Ne4 37. c4 Nd2 38. f3 f4 39. Kf2 h5 40. Ke2
Nb1 41. Rxc5 a4 42. bxa4 Nc3+ 43. Kd3 Nxa4 44. Rb5 Nb6 45. Rxb6 Kg5 46. Ke4 f5+
47. Ke5 Kh4 48. Rf6 Kg3 49. Rxf5 h4 50. Rxf4 Kh2 51. Rxh4 Kh1 52. Rg4 Kh2 53. f4
Kg1 54. f5 Kh2 55. f6 Kh1 56. f7 Kh2 57. f8=Q Kh1 58. Qf3 Kh2 59. h4 Kh1 60. h5
Kg1 61. h6 Kh1 62. h7 Kg1 63. Re4 Kh1 64. g4+ Kh2 65. Re2+ Kg1 66. Qg2# 1-0

[Event "Titled Tue 3rd Jun Early"]
[Site "chess.com INT"]
[Date "2025.06.03"]
[Round "11"]
[White "Jasinski, Alexander"]
[Black "Kalyani Sirin"]
[Result "0-1"]
[BlackTitle "WFM"]
[WhiteElo "1964"]
[BlackElo "2136"]
[WhiteFideId "55627994"]
[BlackFideId "33323500"]
[EventDate "2025.06.03"]

1. e4 e5 2. Nf3 Nc6 3. Bb5 f5 4. d3 fxe4 5. dxe4 Nf6 6. Qd3 Bb4+ 7. c3 Ba5 8.
O-O d6 9. Qc4 Bd7 10. a4 a6 11. Bxc6 Bxc6 12. Bg5 Qe7 13. b4 Bb6 14. Nbd2 Bd7
15. a5 Bb5 16. Qb3 Bxf1 17. axb6 Bb5 18. c4 Bd7 19. bxc7 Be6 20. Bxf6 gxf6 21.
Qa4+ Qd7 22. b5 Qxc7 23. bxa6+ Bd7 24. Qb3 Rxa6 25. Rxa6 bxa6 26. c5 Qxc5 27. g3
Ke7 28. Nc4 a5 29. Ne3 a4 30. Nd5+ Kf7 31. Qb7 Qc6 32. Qb4 Be6 33. Nc3 Ra8 34.
Qa3 Rc8 35. Ne2 Qxe4 36. Kf1 Bc4 37. Qe3 Qxe3 38. fxe3 Bxe2+ 39. Kxe2 a3 40. Nd2
Rc2 41. Kd3 Rxd2+ 42. Kxd2 a2 0-1

[Event "Titled Tue 3rd Jun Early"]
[Site "chess.com INT"]
[Date "2025.06.03"]
[Round "11"]
[White "Gunawardhana, Devindya Oshini"]
[Black "Suarez, Pedro"]
[Result "0-1"]
[WhiteTitle "WIM"]
[BlackTitle "CM"]
[WhiteElo "2068"]
[BlackElo "2066"]
[WhiteFideId "29941482"]
[BlackFideId "3007642"]
[EventDate "2025.06.03"]

1. Nf3 Nf6 2. g3 g6 3. Bg2 Bg7 4. O-O O-O 5. d4 d6 6. Re1 Nbd7 7. e4 e5 8. c3 c6
9. Nbd2 Qc7 10. Nc4 b5 11. Ncd2 Bb7 12. b3 Rad8 13. Bb2 Rfe8 14. Rc1 a6 15. c4
exd4 16. Nxd4 Nc5 17. cxb5 Nd3 18. bxc6 Nxc1 19. Qxc1 Bc8 20. Nc4 d5 21. exd5
Rxe1+ 22. Qxe1 Nxd5 23. Bxd5 Rxd5 24. Qe8+ Bf8 25. Qe4 Rd8 26. Qh4 Bg7 27. Nf3
Rd1+ 28. Kg2 Qxc6 29. Bxg7 Kxg7 30. Ne5 Qf6 31. Ng5 Bb7+ 32. f3 h6 33. Nexf7
hxg5 34. Nxg5 Rd2+ 35. Kh3 Bc8+ 36. g4 Re2 37. Qh7+ Kf8 38. Qh6+ Ke8 39. Qh4 Be6
40. Qh6 Bd5 41. Qh4 Bxf3 0-1

[Event "Titled Tue 3rd Jun Early"]
[Site "chess.com INT"]
[Date "2025.06.03"]
[Round "11"]
[White "Begunov, Konstantin"]
[Black "Behzad Nazif, Parva"]
[Result "1-0"]
[WhiteTitle "FM"]
[BlackTitle "WIM"]
[WhiteElo "2325"]
[BlackElo "2090"]
[WhiteFideId "4118510"]
[BlackFideId "12563790"]
[EventDate "2025.06.03"]

1. d4 Nf6 2. c4 g6 3. f3 Bg7 4. e4 O-O 5. Be3 d6 6. Nc3 a6 7. Qd2 Nc6 8. a3 Na5
9. Rd1 Bd7 10. b4 Nc6 11. Nge2 e5 12. d5 Ne7 13. g4 h5 14. h3 Kh7 15. Ng3 h4 16.
Nge2 Neg8 17. Nc1 Qe8 18. Nb3 b6 19. Bd3 a5 20. bxa5 bxa5 21. Ke2 a4 22. Na1 c6
23. dxc6 Bxc6 24. Nc2 Rb8 25. Nb4 Ba8 26. Bc2 Nd7 27. Bxa4 Qe6 28. Bxd7 Qxd7 29.
Qxd6 Qc8 30. c5 Re8 31. Kf2 Bf8 32. Qd7 Kg7 33. Qxc8 Rexc8 34. Na4 Bc6 35. Nb6
Rc7 36. Rc1 Nf6 37. Rhd1 Be8 38. Na6 Rbc8 39. Nxc7 Rxc7 40. Nd5 Rc8 41. Rc3 Bc6
42. g5 Nd7 43. Nb6 Nxb6 44. cxb6 Bb7 45. Rxc8 Bxc8 46. a4 Bb4 47. Rd8 Ba6 48.
Ra8 Bb7 49. Ra7 1-0

[Event "Titled Tue 3rd Jun Early"]
[Site "chess.com INT"]
[Date "2025.06.03"]
[Round "11"]
[White "Karttunen, Mika"]
[Black "Rentsen, Erdenetulga"]
[Result "0-1"]
[WhiteTitle "IM"]
[WhiteElo "2490"]
[BlackElo "2182"]
[WhiteFideId "502081"]
[BlackFideId "4901320"]
[EventDate "2025.06.03"]

1. c4 c6 2. Nc3 d5 3. e3 Nf6 4. Nf3 e6 5. b3 Be7 6. Bb2 O-O 7. Qc2 b6 8. cxd5
cxd5 9. g4 Nxg4 10. Rg1 Nf6 11. Nb5 a6 12. Nbd4 Ra7 13. Rc1 Bd6 14. Bd3 Rc7 15.
Bxh7+ Kh8 16. Qb1 Rxc1+ 17. Qxc1 Nxh7 18. Rxg7 e5 19. Rg1 Rg8 20. Ne2 Rxg1+ 21.
Nexg1 f6 22. Ne2 Bg4 23. Nfg1 Qc8 24. Qb1 Bf5 25. d3 Nc6 26. Ng3 Bg6 27. Nf3 Nb4
28. e4 Qg4 29. Nd2 Ng5 30. a3 dxe4 31. axb4 Bxb4 32. Qc1 Nf3+ 33. Kf1 Nxd2+ 34.
Kg2 exd3 35. Qc6 Qf3+ 36. Qxf3 Nxf3 37. Kxf3 Bc5 38. Bc1 f5 39. Bd2 e4+ 40. Kg2
Bd6 41. h4 f4 42. h5 Bh7 43. Nf1 Bf5 44. f3 e3 45. Nxe3 fxe3 46. Bxe3 b5 47. Kf2
Be6 0-1

[Event "Titled Tue 3rd Jun Early"]
[Site "chess.com INT"]
[Date "2025.06.03"]
[Round "11"]
[White "Sadubayev, Airat"]
[Black "Pribelszky, Bence"]
[Result "1-0"]
[WhiteTitle "FM"]
[BlackTitle "IM"]
[WhiteElo "2211"]
[BlackElo "2400"]
[WhiteFideId "13713264"]
[BlackFideId "769738"]
[EventDate "2025.06.03"]

1. d4 e6 2. c4 Nf6 3. Nf3 d5 4. g3 dxc4 5. Bg2 Bd7 6. Ne5 Nc6 7. Nxd7 Qxd7 8. e3
e5 9. O-O O-O-O 10. Qa4 exd4 11. exd4 Kb8 12. Be3 Nb4 13. Qd1 Nfd5 14. Na3 b5
15. Nc2 Nd3 16. b3 Nb2 17. Qf3 c3 18. a3 c6 19. Bc1 h5 20. h4 Qg4 21. Qxf7 Qe2
22. Ne3 Bd6 23. Nxd5 Rhf8 24. Qg6 cxd5 25. Be3 Nd3 26. Qg5 c2 27. Qxd5 Bxg3 28.
Qb7# 1-0

[Event "Titled Tue 3rd Jun Early"]
[Site "chess.com INT"]
[Date "2025.06.03"]
[Round "11"]
[White "Mottola, Max"]
[Black "Huseynova, Dinara"]
[Result "0-1"]
[BlackTitle "WCM"]
[WhiteElo "2128"]
[BlackElo "1822"]
[WhiteFideId "30985862"]
[BlackFideId "13437313"]
[EventDate "2025.06.03"]

1. e4 c6 2. Ke2 d5 3. Ke3 dxe4 4. Ke2 Nf6 5. Ke1 Bg4 6. Be2 Bxe2 7. Qxe2 e6 8.
Nc3 Nbd7 9. Nxe4 Nxe4 10. Qxe4 Nf6 11. Qe2 Bc5 12. Nf3 Ng4 13. d4 Bxd4 14. Nxd4
Qxd4 15. c3 Qe5 16. h3 Qxe2+ 17. Kxe2 Nf6 18. Be3 O-O 19. c4 b6 20. Rac1 c5 21.
a3 Rfd8 22. b4 cxb4 23. axb4 Rac8 24. c5 Nd5 25. cxb6 axb6 26. b5 Nxe3 27. Kxe3
Kf8 28. Rc6 Rxc6 29. bxc6 Rc8 30. Rc1 Ke7 31. f4 Kd6 32. Ra1 Rxc6 33. Ra7 Rc7
34. Ra6 Kc5 35. Ke4 b5 36. Ra1 Kb6 37. Rb1 Rd7 38. g4 Rd2 39. f5 exf5+ 40. Kxf5
Rh2 41. Re1 Rxh3 42. Re7 Rf3+ 43. Kg5 h6+ 44. Kh4 b4 45. g5 hxg5+ 46. Kxg5 Kb5
47. Re8 b3 48. Rb8+ Kc4 49. Rc8+ Kb4 50. Rb8+ Kc3 51. Rc8+ Kb2 52. Rb8 Kc2 53.
Kg4 Rf1 54. Rc8+ Kb1 55. Rc3 b2 56. Rg3 Ka2 57. Rg2 Ka1 58. Kh3 b1=Q 59. Rg3
Rh1+ 60. Kg2 Qf1# 0-1

[Event "Titled Tue 3rd Jun Early"]
[Site "chess.com INT"]
[Date "2025.06.03"]
[Round "11"]
[White "Csonka, Balazs"]
[Black "Injac, Teodora"]
[Result "1-0"]
[WhiteTitle "IM"]
[BlackTitle "IM"]
[WhiteElo "2469"]
[BlackElo "2474"]
[WhiteFideId "742910"]
[BlackFideId "932400"]
[EventDate "2025.06.03"]

1. e4 e5 2. Nf3 Nc6 3. Bc4 Bc5 4. O-O Nf6 5. d3 d6 6. c3 h6 7. Re1 a6 8. a4 O-O
9. h3 Re8 10. Nbd2 Be6 11. Bxe6 Rxe6 12. b4 Ba7 13. Qc2 b5 14. Nf1 d5 15. Be3
dxe4 16. dxe4 Bxe3 17. Nxe3 Ne7 18. Nd2 a5 19. axb5 axb4 20. cxb4 Rb8 21. Ra5
Qd7 22. Nb3 Reb6 23. Rd1 Qc8 24. Rc1 Rxb5 25. Rxb5 Rxb5 26. Qxc7 Qxc7 27. Rxc7
Ng6 28. Rc4 Nf4 29. Nc5 Ne2+ 30. Kf1 Nd4 31. Ng4 Nxg4 32. hxg4 Nc6 33. Nd3 Rb6
34. g3 f6 35. Kg2 Kf7 36. f4 Ke6 37. Kh3 1-0

[Event "Titled Tue 3rd Jun Early"]
[Site "chess.com INT"]
[Date "2025.06.03"]
[Round "11"]
[White "Lopez Rayo, Isabella"]
[Black "Hovakimyan, Vache"]
[Result "0-1"]
[WhiteTitle "WFM"]
[BlackTitle "FM"]
[WhiteElo "2021"]
[BlackElo "2282"]
[WhiteFideId "4452755"]
[BlackFideId "13317288"]
[EventDate "2025.06.03"]

1. e4 e6 2. Nf3 d5 3. Nc3 dxe4 4. Nxe4 Nd7 5. d4 Ngf6 6. Nxf6+ Nxf6 7. Bd3 c5 8.
dxc5 Bxc5 9. O-O O-O 10. Bg5 Be7 11. Qe2 Qc7 12. Rad1 b6 13. Ne5 Bb7 14. Rfe1 h6
15. Bf4 Qc5 16. c3 Rad8 17. Bb1 Rd5 18. Ng4 Rfd8 19. Ne3 Rxd1 20. Rxd1 Nd5 21.
Nxd5 Rxd5 22. Be3 Qd6 23. Rxd5 Qxd5 24. f3 h5 25. Be4 Qd7 26. Bxb7 Qxb7 27. Qc4
b5 28. Qd4 a6 29. Kf2 h4 30. h3 Qc7 31. Kf1 f5 32. b3 Bf6 33. Qd3 Bxc3 34. a4
bxa4 35. bxa4 a5 36. Qb5 Kf7 37. Bb6 Qb7 38. Qc5 Bb4 39. Qb5 Qc8 40. Bxa5 Qc1+
41. Ke2 Qe1+ 42. Kd3 Qd2+ 43. Kc4 Qc3# 0-1

[Event "Titled Tue 3rd Jun Early"]
[Site "chess.com INT"]
[Date "2025.06.03"]
[Round "11"]
[White "Lymar, Vladislav"]
[Black "Vingris, Mikelis"]
[Result "1-0"]
[WhiteTitle "CM"]
[WhiteElo "2216"]
[BlackElo "2102"]
[WhiteFideId "14162180"]
[BlackFideId "11611731"]
[EventDate "2025.06.03"]

1. e4 e5 2. Nf3 Nc6 3. Bb5 a6 4. Ba4 Nf6 5. Nc3 Bb4 6. Nd5 Bc5 7. d4 Nxd4 8. Bg5
c6 9. Nxf6+ gxf6 10. Be3 Nxf3+ 11. gxf3 Bxe3 12. fxe3 Qb6 13. Kf2 Ke7 14. Qd2 d6
15. Rad1 Qc7 16. Rhg1 Be6 17. Bb3 Rhg8 18. f4 Bxb3 19. axb3 Qd7 20. f5 d5 21.
Qb4+ Qd6 22. Qxb7+ Qd7 23. Qxd7+ Kxd7 24. Rxg8 Rxg8 25. exd5 Rg5 26. e4 Rg4 27.
Ke3 Rh4 28. Ra1 cxd5 29. exd5 Rh3+ 30. Ke4 Rxh2 31. Kd3 Rh4 32. c3 Kd6 33. c4
Kc5 34. Rxa6 Rh3+ 35. Kc2 e4 36. Rxf6 Kd4 37. d6 Rh2+ 38. Kb1 Ke5 39. d7 Rd2 40.
Rxf7 h5 41. c5 e3 42. c6 e2 43. Re7+ Kxf5 44. Rxe2 Rd1+ 45. Kc2 Rd6 46. c7 1-0

[Event "Titled Tue 3rd Jun Early"]
[Site "chess.com INT"]
[Date "2025.06.03"]
[Round "11"]
[White "Nugumanov, Bakhtiyar"]
[Black "Bashirli, Saadat"]
[Result "1-0"]
[WhiteTitle "IM"]
[BlackTitle "WCM"]
[WhiteElo "2305"]
[BlackElo "1941"]
[WhiteFideId "13701797"]
[BlackFideId "13429990"]
[EventDate "2025.06.03"]

1. e4 c5 2. Nf3 Nc6 3. d4 cxd4 4. Nxd4 g6 5. c4 Nf6 6. Nc3 Nxd4 7. Qxd4 d6 8.
Be3 Bg7 9. Qd2 O-O 10. f3 Be6 11. b3 a6 12. Rc1 Rb8 13. Nd5 b5 14. Be2 Nxd5 15.
cxd5 Bd7 16. O-O a5 17. Bd4 b4 18. Bxg7 Kxg7 19. Qd4+ f6 20. Rc2 Rb7 21. Rfc1
Qb8 22. Kf2 a4 23. h4 axb3 24. axb3 h5 25. Ke3 Ra7 26. Kf2 Ra3 27. Rc7 Rd8 28.
Qe3 Ra2 29. Kg1 Qa8 30. Bf1 Rb2 31. Qd4 Rxb3 32. Bb5 Qa3 33. Kh2 Kf7 34. Ra1 Qb2
35. Qxb2 Rxb2 36. Bxd7 Rd2 37. Be6+ Kf8 38. Raa7 Re8 39. Bd7 Rd8 40. Bc6 b3 41.
Rxe7 b2 42. Rf7+ Kg8 43. Rg7+ Kh8 44. Rgb7 g5 45. hxg5 fxg5 46. Rh7+ Kg8 47.
Rag7+ Kf8 48. Rb7 Kg8 49. Rxh5 1-0

[Event "Titled Tue 3rd Jun Early"]
[Site "chess.com INT"]
[Date "2025.06.03"]
[Round "11"]
[White "Amarasinghe, A A C B"]
[Black "Dreelinck, Jacob"]
[Result "0-1"]
[WhiteTitle "CM"]
[BlackTitle "FM"]
[WhiteElo "1949"]
[BlackElo "2262"]
[WhiteFideId "9901809"]
[BlackFideId "250511"]
[EventDate "2025.06.03"]

1. d4 Nf6 2. c4 e6 3. g3 c5 4. d5 exd5 5. cxd5 d6 6. Nc3 g6 7. Bg2 Bg7 8. Nf3
O-O 9. O-O Re8 10. Nd2 a6 11. a4 Nbd7 12. Nc4 Ne5 13. Na3 Nh5 14. h3 f5 15. Kh2
Rb8 16. f4 b5 17. axb5 axb5 18. Naxb5 Nc4 19. e4 fxe4 20. Qe2 Nb6 21. Nxe4 Nxd5
22. Qc4 Be6 23. Ng5 Ne3 24. Nxe6 Nxc4 25. Nxd8 Rexd8 26. Bd5+ Kh8 27. Bxc4 d5
28. Be2 c4 29. f5 Rxb5 30. Bxh5 gxh5 31. f6 Bf8 32. Bg5 h6 33. Bf4 Rxb2+ 34. Kh1
Re2 35. Rae1 Rxe1 36. Rxe1 d4 37. Be5 Kg8 38. Ra1 d3 39. Ra7 d2 40. f7+ Kh7 0-1

[Event "Titled Tue 3rd Jun Early"]
[Site "chess.com INT"]
[Date "2025.06.03"]
[Round "11"]
[White "Madi, Aidana"]
[Black "Jimenez Fernandez, Rebeca"]
[Result "0-1"]
[WhiteTitle "WFM"]
[BlackTitle "WFM"]
[WhiteElo "1855"]
[BlackElo "2163"]
[WhiteFideId "13722689"]
[BlackFideId "32070934"]
[EventDate "2025.06.03"]

1. e4 c5 2. d4 cxd4 3. c3 Nf6 4. e5 Nd5 5. Nf3 Nc6 6. Bc4 Nb6 7. Bb3 d5 8. exd6
Qxd6 9. cxd4 Be6 10. O-O Bxb3 11. Qxb3 e6 12. Nc3 Be7 13. Rd1 O-O 14. d5 Na5 15.
Qb5 Nac4 16. dxe6 Qxe6 17. Bf4 Rac8 18. Re1 Qg4 19. Rxe7 Qxf4 20. Rae1 h5 21.
Rxb7 h4 22. h3 Rcd8 23. Rxa7 Rd6 24. Rae7 Rg6 25. Kh1 Nd2 26. Nxd2 Qxd2 27. Qe2
Qd6 28. Re4 Nd5 29. Nxd5 Qxd5 30. a3 f5 31. Rxh4 Qxg2# 0-1